Cifras sobre producción industrial 1976-1985

Gorde:
Xehetasun bibliografikoak
Erakunde egilea: Banco Central de Costa Rica. Departamento de Contabilidad Social. Sección de Cuentas Nacionales
Formatua: Texto
Argitaratua: San José: Banco Central de Costa Rica
Etiketak: Etiketa erantsi
Etiketarik gabe, Izan zaitez lehena erregistro honi etiketa jartzen!

MARC

LEADER 00000 a a2200000 04500
001 21040
003
040
090 |a 077200  
110 |a Banco Central de Costa Rica. Departamento de Contabilidad Social. Sección de Cuentas Nacionales  
245 |a Cifras sobre producción industrial 1976-1985  
260 |a San José:   |b Banco Central de Costa Rica  
300 |a 21 p.  
999 |c 7681  |d 7681